Carregando...

Environment and Urbanisation

Detalhes bibliográficos
Formato: Periodicals
Publicado em: Newyork Sage Publications
LEADER 00259nam a22000857a 4500
245 |a Environment and Urbanisation 
260 |a Newyork  |b Sage Publications 
942 |c PER 
999 |c 68214  |d 68214 
952 |0 0  |1 0  |4 0  |7 0  |9 88643  |a SSUS  |b SSUS  |c DISPLAY  |d 2017-10-23  |r 2017-10-23  |w 2017-10-23  |y PER